The life of God in the soul of man : or, the nature and excellency of the Christian religion. Abridg'd by John Wesley, ...

Bibliographic Details
Main Author: Scougal, Henry, 1650-1678
Format: eBook
Language:English
Edition:The third edition.
Series:Eighteenth century collections online.
Online Access:Full text online

MARC

Tag First Indicator Second Indicator Subfields
LEADER 00000cam a2200000 4500
001 in00001908861
006 m | d |
007 cr |n||||||||n
008 790217s1770 enk|||| s 00||||eng d
005 20260407210041.4
035 |a (CStRLIN)ESTCT16649 
040 |a Uk-ES  |c Uk-ES  |d CStRLIN  |d Thomson Gale  |d UtOrBLW 
100 1 |a Scougal, Henry,  |d 1650-1678. 
240 1 0 |a Life of God in the soul of man.  |k Abridgments 
245 1 4 |a The life of God in the soul of man :  |b or, the nature and excellency of the Christian religion. Abridg'd by John Wesley, ... 
250 |a The third edition. 
264 3 |a Bristol :  |b printed by William Pine,  |c 1770. 
300 |a 50p. ;  |c 12⁰. 
336 |a text  |b txt  |2 rdacontent 
337 |a computer  |b c  |2 rdamedia 
338 |a online resource  |b cr  |2 rdacarrier 
500 |a Abridged from the work of Henry Scougal. 
500 |a Reproduction of original from the British Library. 
510 4 |a Baker,  |c 51 
510 4 |a English Short Title Catalog,  |c ESTCT16649. 
533 |a Electronic reproduction.  |b Farmington Hills, Mich. :  |c Thomson Gale,  |d 2003.  |n Available via the World Wide Web.  |n Access limited by licensing agreements  |7 s2003 miunns 
500 |a Electronic resource. 
830 0 |a Eighteenth century collections online. 
856 4 0 |u http://proxy.library.tamu.edu/login?url=https://galenet.galegroup.com/servlet/ECCO?c=1&stp=Author&ste=11&af=BN&ae=T016649&tiPG=1&dd=0&dc=flc&docNum=CW123314562&vrsn=1.0&srchtp=a&d4=0.33&n=10&SU=0LRF&locID=txshracd2898  |z Full text online  |t 0 
999 |a MARS 
999 f f |s 18730175-24a3-369c-930a-e2aca091cb5c  |i 5b52338a-2ad3-30d7-9b32-16103efecdc3  |t 0 
952 f f |a Texas A&M University  |b College Station  |c Electronic Resources  |s www_evans  |d Available Online  |t 0  |h No information provided 
998 f f |t 0  |l Available Online